Modernism and its Features bakalárska práca

Gespeichert in:
Bibliographische Detailangaben
1. Verfasser: Pažmová, Lenka
Körperschaft: Fakulta aplikovaných jazykov EU v Bratislave. Katedra interkultúrnej komunikácie
Weitere Verfasser: Pápaiová, Adriana
Format: Buch
Sprache:Englisch
Veröffentlicht: Bratislava 2013
Tags: Tag hinzufügen
Keine Tags, Fügen Sie das erste Tag hinzu!

MARC

LEADER 00000nbm a2200000 4500
001 0170127
005 20161109112014.2
041 0 |a eng 
044 |a SK 
245 1 0 |a Modernism and its Features  |b bakalárska práca  |c Lenka Pažmová ; školiteľ: Adriana Pápaiová 
264 1 |a Bratislava  |c 2013 
300 |a 47 s. 
100 1 |a Pažmová, Lenka 
700 1 |a Pápaiová, Adriana 
710 2 |a Fakulta aplikovaných jazykov EU v Bratislave. Katedra interkultúrnej komunikácie